000 00416nam a22001457a 4500
003 OSt
005 20240530115408.0
008 240530b |||||||| |||| 00| 0 eng d
022 _22583469X
100 _4Touby, Salem, Said Ali
245 _aInternational Journal of Neonatal Care and Pediatric Nursing
260 _aGhaziabad
_bMAT Journals Pvt. Ltd.
_c2024
650 _2Child Health Nursing
942 _2ddc
_cJN
_s1
999 _c358026
_d358026